| 000 | 00592nam a2200181Ia 4500 | ||
|---|---|---|---|
| 003 | GCL | ||
| 008 | 140319s9999 xx 000 0 ara d | ||
| 040 |
_aGCL / _cGCL |
||
| 082 | 0 | 4 |
_a956.521 _bع ب |
| 100 | 1 | _aسهيل زكار | |
| 245 | 1 | 0 |
_aبغية الطلب فى تاريخ حلب / _cسهيل زكار |
| 700 | 1 | _aابن العديم، كمال الدين بن هبه | |
| 260 |
_aسوريا : _bمطابع دار الشعب ، _c1988 |
||
| 300 |
_aمتعدد الاجزاء ؛ _c24سم |
||
| 650 | 0 | 4 | _aسوريا - تاريخ |
| 650 | 0 | 4 | _aحلب - تاريخ |
| 942 |
_2ddc _cBK |
||
| 999 |
_c35181 _d35181 |
||